Vplyv globálnej finančnej krízy na stanovenie výnosu akcií a návrh možných zlepšení v SR dizertačná práca
Na minha lista:
| Autor principal: | |
|---|---|
| Autor Corporativo: | |
| Outros Autores: | |
| Formato: | Livro |
| Idioma: | eslovaco |
| Publicado em: |
Bratislava
2016
|
| Assuntos: | |
| Tags: |
Sem tags, seja o primeiro a adicionar uma tag!
|
MARC
| LEADER | 00000nbm a2200000 4500 | ||
|---|---|---|---|
| 001 | 0222123 | ||
| 005 | 20240502073636.1 | ||
| 041 | 0 | |a slo | |
| 044 | |a SK | ||
| 245 | 1 | 0 | |a Vplyv globálnej finančnej krízy na stanovenie výnosu akcií a návrh možných zlepšení v SR |b dizertačná práca |c Katarína Podmajerská ; školiteľ: Božena Hrvoľová |
| 264 | 1 | |a Bratislava |c 2016 | |
| 300 | |a 155 s. | ||
| 610 | 2 | 0 | |a kríza finančná |
| 610 | 2 | 0 | |a akcie |
| 610 | 2 | 0 | |a Slovensko |
| 610 | 2 | 0 | |a riziko finančné |
| 610 | 2 | 0 | |a riziko bankové |
| 100 | 1 | |a Podmajerská, Katarína | |
| 700 | 1 | |a Hrvoľová, Božena | |
| 710 | 2 | |a Fakulta podnikového manažmentu EU. Katedra podnikových financií | |